Phương pháp véc tơ trong giải toán hình học không gian
محفوظ في:
| المؤلف الرئيسي: | |
|---|---|
| التنسيق: | كتاب |
| منشور في: |
Hà Nội
Giáo dục
2008
|
| الموضوعات: | |
| الوسوم: |
إضافة وسم
لا توجد وسوم, كن أول من يضع وسما على هذه التسجيلة!
|
| Thư viện lưu trữ: | Trung tâm Học liệu Lê Vũ Hùng, Trường Đại học Đồng Tháp |
|---|
| LEADER | 00708pam a22002538a 4500 | ||
|---|---|---|---|
| 001 | 00037330 | ||
| 005 | 20171026081025.0 | ||
| 008 | 170511s2008 ||||||Viesd | ||
| 041 | 0 | # | |a Vie |
| 082 | 1 | 4 | |a 516.23 |b PH561PH |
| 100 | 1 | # | |a Nguyễn, Văn Lộc |
| 245 | 1 | 0 | |a Phương pháp véc tơ trong giải toán hình học không gian |c Nguyễn Văn Lộc |
| 260 | # | # | |a Hà Nội |c 2008 |b Giáo dục |
| 300 | # | # | |a 243tr. |c 27cm. |
| 653 | # | # | |a hình học |
| 852 | # | # | |b Kho đọc |j KD.1000149 |
| 910 | |d 11/05/2017 | ||
| 980 | # | # | |a Trung tâm Học liệu Lê Vũ Hùng, Trường Đại học Đồng Tháp |